000 00240nam a22000857a 4500
008 161201b xxu||||| |||| 00| 0 eng d
100 _91636
_aKumar. k
245 _aPrimary interactions in english main course
260 _aNew delhi
_bFrank bro
_c2005
999 _c4350
_d4350